[Event "Women's Speed Chess Q3"]
[Site "chess.com INT"]
[Date "2021.05.30"]
[Round "17"]
[White "Ribeiro, Regina"]
[Black "Mohota, Nisha"]
[Result "0-1"]
[WhiteTitle "WIM"]
[BlackTitle "IM"]
[WhiteElo "1920"]
[BlackElo "2195"]
[WhiteFideId "2100681"]
[BlackFideId "5004330"]
[EventDate "2021.05.30"]

1. Nf3 Nf6 2. b3 d6 3. d4 g6 4. Bb2 Bg7 5. e3 O-O 6. Be2 c5 7. O-O cxd4 8. exd4
d5 9. Nbd2 Nc6 10. Ne5 Nxe5 11. dxe5 Nd7 12. Nf3 e6 13. c4 Nb6 14. Qc2 Bd7 15.
Rfd1 dxc4 16. Bxc4 Qc7 17. Rac1 Bc6 18. Bd3 Rac8 19. Nd4 Bxe5 20. Nxc6 bxc6 0-1

[Event "Women's Speed Chess Q3"]
[Site "chess.com INT"]
[Date "2021.05.30"]
[Round "17"]
[White "Narva, Mai"]
[Black "Kiran, Manisha Mohanty"]
[Result "0-1"]
[WhiteTitle "WIM"]
[BlackTitle "WGM"]
[WhiteElo "2276"]
[BlackElo "2168"]
[WhiteFideId "4500512"]
[BlackFideId "5019575"]
[EventDate "2021.05.30"]

1. e4 c5 2. Nf3 d6 3. d4 cxd4 4. Nxd4 Nf6 5. Nc3 Nc6 6. Bg5 e6 7. Qd2 Be7 8.
O-O-O Nxd4 9. Qxd4 O-O 10. Bxf6 Bxf6 11. Qxd6 Qa5 12. Bc4 Bxc3 13. bxc3 Qxc3 14.
Qd4 Qa3+ 15. Qb2 Qc5 16. Bb3 a5 17. a4 b5 18. Qd4 Qa3+ 19. Qb2 Qe7 20. axb5 a4
21. Ba2 Bb7 22. f3 Rfc8 23. Rd2 Rab8 24. Rhd1 Qc5 25. Kb1 h6 26. Rd7 Bc6 27.
Rd8+ Rxd8 28. Rxd8+ Rxd8 29. Qc1 Qxb5+ 30. Ka1 Qe5+ 0-1

[Event "Women's Speed Chess Q3"]
[Site "chess.com INT"]
[Date "2021.05.30"]
[Round "17"]
[White "Mkrtchian, Lilit"]
[Black "Petrova, Irina"]
[Result "1-0"]
[WhiteTitle "IM"]
[BlackTitle "WIM"]
[WhiteElo "2388"]
[BlackElo "2110"]
[WhiteFideId "13300601"]
[BlackFideId "14124122"]
[EventDate "2021.05.30"]

1. e4 d6 2. d4 Nf6 3. Nc3 e5 4. Nge2 Nc6 5. g3 Bg4 6. d5 Nd4 7. Bg2 Nf3+ 8. Kf1
Nd4 9. h3 Bxe2+ 10. Nxe2 Nxe2 11. Qxe2 Be7 12. Kg1 O-O 13. Kh2 Nd7 14. c4 Bg5
15. Rf1 Bxc1 16. Raxc1 a5 17. f4 Qe7 18. f5 f6 19. Qe3 Nc5 20. Rfd1 Kh8 21. g4
Qf7 22. b3 g6 23. Bf3 g5 24. Kg3 Kg7 25. Rh1 Rh8 26. h4 h6 27. Rh2 b6 28. Rch1
Qe7 29. Rh3 Raf8 30. Qe2 Qd8 31. Qh2 Na6 32. Qe2 Nc5 33. Qd2 Qa8 34. Qh2 Qb8 35.
hxg5 hxg5 36. Rh7+ 1-0

[Event "Women's Speed Chess Q3"]
[Site "chess.com INT"]
[Date "2021.05.30"]
[Round "17"]
[White "Pourkashiyan, Atousa"]
[Black "Eswaran, Ashritha"]
[Result "1-0"]
[WhiteTitle "WGM"]
[BlackTitle "WIM"]
[WhiteElo "2322"]
[BlackElo "2244"]
[WhiteFideId "12502014"]
[BlackFideId "2080788"]
[EventDate "2021.05.30"]

1. e4 c5 2. Nf3 d6 3. d4 cxd4 4. Nxd4 Nf6 5. Nc3 g6 6. Be2 Bg7 7. O-O Nc6 8. Be3
O-O 9. Qd2 Nxd4 10. Bxd4 a6 11. Rad1 Bd7 12. f3 Bc6 13. a3 Rc8 14. Kh1 b5 15.
Rfe1 Qc7 16. Bf1 Qb7 17. Nd5 Bxd5 18. exd5 Qxd5 19. Rxe7 Nh5 20. Bxg7 Qxd2 21.
Rxd2 Kxg7 22. c3 Rfe8 23. Rxe8 Rxe8 24. Rxd6 Re1 25. Kg1 Rb1 26. Rd2 Nf4 27. Kf2
Ne6 28. a4 bxa4 29. Bxa6 Nc5 30. Bc4 Kf6 31. g4 g5 32. h3 h6 33. Rd6+ Ke7 34.
Rd2 f6 35. Ke3 Nb7 36. Kd4 Nd6 37. Bd5 Rf1 38. Rd3 Rf2 39. Kc5 Rxb2 40. Re3+ Kd7
41. Bc6+ Kc7 42. Re7+ Kd8 43. Kxd6 Rd2+ 44. Ke6 Re2+ 45. Be4 a3 46. Ra7 Re3 47.
Kd6 Rxc3 48. Ra8+ Rc8 49. Rxc8+ Kxc8 50. Bd5 Kd8 51. Ke6 Ke8 52. Kxf6 Kf8 53.
Kg6 Ke7 54. Kxh6 Kd6 55. Ba2 Ke5 56. Kxg5 1-0

[Event "Women's Speed Chess Q3"]
[Site "chess.com INT"]
[Date "2021.05.30"]
[Round "17"]
[White "Zaksaite, Salomeja"]
[Black "Starosta, Martyna"]
[Result "1-0"]
[WhiteTitle "WIM"]
[BlackTitle "WCM"]
[WhiteElo "2202"]
[BlackElo "1910"]
[WhiteFideId "12801496"]
[BlackFideId "21818754"]
[EventDate "2021.05.30"]

1. e4 e5 2. Nf3 Nc6 3. Bc4 Nf6 4. d3 Be7 5. Nbd2 O-O 6. c3 d5 7. Bb3 Bg4 8. Qe2
dxe4 9. dxe4 Bc5 10. h3 Bh5 11. Nf1 a5 12. g4 Bg6 13. Ng3 a4 14. Bc2 Qd7 15. Nf5
Bxf5 16. gxf5 Nh5 17. Rg1 Nf4 18. Bxf4 exf4 19. Rg4 f6 20. Qc4+ Kh8 21. Qxc5
Rad8 22. Rd1 Qf7 23. a3 Ne5 24. Nxe5 fxe5 25. Qxe5 Rxd1+ 26. Kxd1 Re8 27. Qxf4
Qd7+ 28. Kc1 Rd8 29. f6 g6 30. f7 Rf8 31. Qf6# 1-0

[Event "Women's Speed Chess Q3"]
[Site "chess.com INT"]
[Date "2021.05.30"]
[Round "17"]
[White "Kulkarni, Bhakti"]
[Black "Gevorgyan, Maria"]
[Result "0-1"]
[WhiteTitle "IM"]
[BlackTitle "WGM"]
[WhiteElo "2391"]
[BlackElo "2219"]
[WhiteFideId "5019516"]
[BlackFideId "13300270"]
[EventDate "2021.05.30"]

1. d4 Nf6 2. Nf3 g6 3. g3 Bg7 4. Bg2 O-O 5. O-O c5 6. d5 d6 7. c4 b5 8. cxb5 a6
9. b6 Qxb6 10. Nc3 Nbd7 11. h3 a5 12. Nd2 Ba6 13. Re1 Rfb8 14. Qc2 Ne5 15. Kh2
Nh5 16. f4 Nd7 17. e4 c4 18. Nf3 Nc5 19. Rb1 Nd3 20. Rd1 Nxc1 21. Rdxc1 Qc5 22.
Na4 Qe3 23. Re1 Qa7 24. Bf1 Rb7 25. Kg2 Rab8 26. Bxc4 Rc7 27. b3 Rb4 28. Nb2
Bxb2 29. Rxb2 Bxc4 30. bxc4 Rbxc4 31. Qd2 Qc5 32. e5 dxe5 33. fxe5 Rd7 34. Rd1
Kg7 35. Qd3 Rc3 36. Qd2 Qa3 37. Rb3 Rxb3 38. axb3 Qxb3 39. g4 Rxd5 40. Qxd5 Nf4+
41. Kg3 Nxd5 0-1

[Event "Women's Speed Chess Q3"]
[Site "chess.com INT"]
[Date "2021.05.30"]
[Round "17"]
[White "Sikorova, Olga"]
[Black "Socko, Monika"]
[Result "1-0"]
[WhiteTitle "WGM"]
[BlackTitle "GM"]
[WhiteElo "2215"]
[BlackElo "2421"]
[WhiteFideId "307033"]
[BlackFideId "1106619"]
[EventDate "2021.05.30"]

1. c4 g6 2. g3 Bg7 3. Bg2 Nf6 4. Nc3 d6 5. e4 O-O 6. Nge2 c5 7. O-O Nc6 8. d3 e5
9. h3 Be6 10. f4 Qd7 11. Kh2 Rae8 12. Nd5 Bxd5 13. cxd5 Nd4 14. f5 Rc8 15. g4
Ne8 16. Be3 f6 17. fxg6 hxg6 18. Ng3 b5 19. h4 c4 20. dxc4 bxc4 21. Bxd4 exd4
22. h5 d3 23. hxg6 Nc7 24. Nf5 Rfe8 25. Qf3 Re5 26. Qh3 Rxf5 27. Rxf5 Nb5 28.
Qh7+ Kf8 29. Rxf6+ Ke8 30. Qg8+ Ke7 31. Qxg7+ Kd8 32. Rf8+ Kc7 33. Rf7 Rd8 34.
Rxd7+ Rxd7 35. Qf6 c3 36. bxc3 Kb6 37. g7 Rd8 38. Qxd8+ 1-0

[Event "Women's Speed Chess Q3"]
[Site "chess.com INT"]
[Date "2021.05.30"]
[Round "17"]
[White "Tarasova, Viktoriya"]
[Black "Doluhanova, Evgeniya"]
[Result "1/2-1/2"]
[WhiteTitle "WIM"]
[BlackTitle "WGM"]
[WhiteElo "2226"]
[BlackElo "2207"]
[WhiteFideId "4175840"]
[BlackFideId "14112035"]
[EventDate "2021.05.30"]

1. d4 Nf6 2. c4 e6 3. Nc3 Bb4 4. Nf3 b6 5. e3 c5 6. Bd3 O-O 7. O-O cxd4 8. exd4
Bb7 9. a3 Be7 10. Bf4 d5 11. cxd5 Nxd5 12. Nxd5 Bxd5 13. Rc1 Nc6 14. Be3 Rc8 15.
Ba6 Rc7 16. Qe2 Bd6 17. Rfd1 Na5 18. Bd3 Nb3 19. Rxc7 Qxc7 20. h3 Rc8 21. Ng5 h6
22. Ne4 Bf4 23. Nc3 Bb7 24. Qg4 Bxe3 25. fxe3 Qe7 26. Qe2 Na5 27. Qf2 Qf6 28.
Rf1 Qxf2+ 29. Rxf2 Nc4 30. Bxc4 Rxc4 31. Rd2 a6 32. Kf2 Kf8 33. g4 Ke7 34. Ke2
b5 35. Kd3 Rc7 36. e4 f6 37. Ke3 Kd6 38. Rd1 Rc8 39. Rd2 Rc7 40. Rd1 Rc8 41. Rd2
Rc7 1/2-1/2

[Event "Women's Speed Chess Q3"]
[Site "chess.com INT"]
[Date "2021.05.30"]
[Round "17"]
[White "Vargas, Gabriela"]
[Black "Nomin-Erdene, Davaademberel"]
[Result "0-1"]
[WhiteTitle "WIM"]
[BlackTitle "IM"]
[WhiteElo "2170"]
[BlackElo "2382"]
[WhiteFideId "3700860"]
[BlackFideId "4900782"]
[EventDate "2021.05.30"]

1. d4 f5 2. e4 fxe4 3. Nc3 Nf6 4. Bg5 Nc6 5. d5 Ne5 6. Qd4 Nf7 7. Bxf6 exf6 8.
Nxe4 d6 9. Nf3 Be7 10. Bd3 O-O 11. O-O f5 12. Nc3 Bf6 13. Qe3 Ne5 14. Rfe1 a6
15. Rad1 b5 16. a3 Re8 17. Nd4 g6 18. f4 Nf3+ 19. Qxf3 Bxd4+ 20. Kh1 Bb7 21. h3
Qd7 22. Ne2 Bxb2 23. Ng3 Qf7 24. c4 Bxa3 25. cxb5 axb5 26. Rxe8+ Qxe8 27. Rd2
Bc5 28. Re2 Ra1+ 29. Kh2 Bg1+ 30. Kh1 Bc5+ 31. Kh2 Qf7 32. Bxb5 Bxd5 33. Re8+
Kg7 34. Qc3+ Qf6 35. Re7+ Bf7 36. Qxf6+ Kxf6 37. Rxc7 Bg1+ 38. Kh1 Bb6+ 0-1

[Event "Women's Speed Chess Q3"]
[Site "chess.com INT"]
[Date "2021.05.30"]
[Round "17"]
[White "Ziegenfuss, Antonia"]
[Black "Eswaran, Aksithi"]
[Result "1/2-1/2"]
[WhiteTitle "WFM"]
[BlackTitle "WCM"]
[WhiteElo "2157"]
[BlackElo "1745"]
[WhiteFideId "12962554"]
[BlackFideId "2083485"]
[EventDate "2021.05.30"]

1. d4 d5 2. c4 c5 3. Nc3 Nf6 4. cxd5 Nxd5 5. e4 Nxc3 6. bxc3 g6 7. Nf3 Bg7 8.
Bb5+ Bd7 9. Bxd7+ Qxd7 10. O-O Nc6 11. Be3 O-O 12. Rb1 Rab8 13. d5 Ne5 14. Nxe5
Bxe5 15. c4 b6 16. f4 Bg7 17. e5 Qf5 18. Qe2 Rfd8 19. Rbe1 a6 20. Kh1 Rbc8 21.
a4 Qd7 22. Qc2 b5 23. axb5 axb5 24. e6 fxe6 25. dxe6 Qd3 26. Qxd3 Rxd3 27. cxb5
Rb3 28. b6 Rxb6 29. Rc1 Rxe6 30. Bxc5 Rec6 31. Be3 Rxc1 32. Rxc1 Rxc1+ 33. Bxc1
Bd4 34. g3 Kf7 35. Kg2 Kf6 36. Kf3 h5 37. Be3 Bb2 38. Ke4 Ba3 39. Kd5 Bd6 40.
Bd4+ Kf5 41. h3 h4 42. gxh4 Kxf4 43. Bf2 Kf3 44. Be1 Bg3 45. Bb4 Bxh4 46. Ke6
Kg3 47. Kf7 g5 48. Bxe7 Kxh3 49. Bxg5 1/2-1/2

[Event "Women's Speed Chess Q3"]
[Site "chess.com INT"]
[Date "2021.05.30"]
[Round "17"]
[White "Havanecz, Bianka"]
[Black "Zhuravleva, Olga"]
[Result "0-1"]
[WhiteTitle "WIM"]
[BlackTitle "WIM"]
[WhiteElo "2257"]
[BlackElo "2278"]
[WhiteFideId "704814"]
[BlackFideId "4145933"]
[EventDate "2021.05.30"]

1. d4 g6 2. c4 Bg7 3. Nc3 d6 4. Nf3 Nc6 5. e4 e5 6. d5 Nce7 7. Be2 h6 8. O-O f5
9. exf5 gxf5 10. Nh4 Nf6 11. Bh5+ Kf8 12. f4 e4 13. Be3 a6 14. Bd4 Nxh5 15. Qxh5
Bxd4+ 16. Kh1 Qe8 17. Qe2 Ng6 18. Nxg6+ Qxg6 19. Nd1 Kg7 20. Rc1 Kh7 21. a3 b6
22. b4 Bd7 23. Ne3 Rhg8 24. g3 Qf6 25. Rfd1 Be8 26. Qd2 Bxe3 27. Qxe3 Bh5 28.
Rd2 Bf3+ 29. Kg1 Rg7 30. Kf2 Rag8 31. c5 bxc5 32. bxc5 h5 33. cxd6 cxd6 34. Rg1
h4 35. Qb3 Qh6 36. Ke3 Rc7 37. Rc2 Rgc8 38. Rxc7+ Rxc7 0-1

[Event "Women's Speed Chess Q3"]
[Site "chess.com INT"]
[Date "2021.05.30"]
[Round "17"]
[White "Von Herman, Brigitte"]
[Black "Froewis, Annika"]
[Result "0-1"]
[WhiteTitle "WFM"]
[BlackTitle "WFM"]
[WhiteElo "1991"]
[BlackElo "2143"]
[WhiteFideId "4628730"]
[BlackFideId "1621432"]
[EventDate "2021.05.30"]

1. e4 e5 2. Nf3 Nc6 3. Bc4 Bc5 4. d3 Nf6 5. c3 a6 6. Bb3 Ba7 7. Nbd2 h6 8. O-O
d6 9. Re1 Bg4 10. Nf1 O-O 11. Ng3 Ne7 12. h3 Be6 13. Bc2 Ng6 14. Nh2 Qd7 15. d4
exd4 16. cxd4 d5 17. e5 Ne4 18. Be3 Nxg3 19. fxg3 Rac8 20. Rf1 c5 21. Rc1 cxd4
22. Bxd4 Bxd4+ 23. Qxd4 Rc4 24. Qf2 Nxe5 25. b3 Rc6 26. Bb1 Rxc1 27. Rxc1 Rd8
28. Qc2 g6 29. Qd2 Kh7 30. Qd4 Qd6 31. Qh4 Rc8 32. Rf1 Qc5+ 33. Kh1 Qc3 34. g4
Nd3 35. g5 h5 36. Qxh5+ gxh5 37. Rd1 Bf5 38. g4 Nf2+ 39. Kg1 Bxb1 40. Kxf2 Qc2+
41. Ke1 Re8+ 42. Kf1 Qxd1+ 0-1

[Event "Women's Speed Chess Q3"]
[Site "chess.com INT"]
[Date "2021.05.30"]
[Round "17"]
[White "Zaichenko, Daria"]
[Black "Alboredo, Julia"]
[Result "0-1"]
[WhiteTitle "WFM"]
[BlackTitle "WFM"]
[WhiteElo "2104"]
[BlackElo "2182"]
[WhiteFideId "4197453"]
[BlackFideId "2124807"]
[EventDate "2021.05.30"]

1. e4 c5 2. Nf3 d6 3. d4 cxd4 4. Nxd4 Nf6 5. Nc3 g6 6. Bc4 Bg7 7. O-O O-O 8. Be3
Nc6 9. h3 Bd7 10. Rb1 Rc8 11. Bb3 Na5 12. f4 Nc4 13. Bxc4 Rxc4 14. Qe2 Rc8 15.
Qf3 Qa5 16. f5 b5 17. Nd5 Nxd5 18. exd5 Bxd4 19. Bxd4 Bxf5 20. Qg3 Bxc2 21. Rbc1
Qd2 22. Bc3 Qd3 23. Qg5 b4 24. Rf3 Qe4 25. Bd2 Rc5 26. Rf4 Qxd5 27. Bxb4 Qxg5
28. Bxc5 Qxc5+ 29. Kh1 Qe3 30. Rff1 Rc8 31. Rce1 Qg5 32. Re2 d5 33. Rc1 d4 34.
Rexc2 Rxc2 35. Rxc2 d3 36. Rc8+ Kg7 37. Rd8 d2 38. Kh2 Qe5+ 39. g3 Qe1 40. h4
Qe2+ 41. Kh3 d1=Q 42. Rxd1 Qxd1 43. b4 h5 44. a4 Qh1# 0-1

[Event "Women's Speed Chess Q3"]
[Site "chess.com INT"]
[Date "2021.05.30"]
[Round "17"]
[White "Grigoryan, Meri"]
[Black "Priyanka, K"]
[Result "1-0"]
[WhiteTitle "WFM"]
[BlackTitle "WIM"]
[WhiteElo "2044"]
[BlackElo "2218"]
[WhiteFideId "13300571"]
[BlackFideId "5082986"]
[EventDate "2021.05.30"]

1. d4 Nf6 2. c4 g6 3. Nc3 Bg7 4. e4 d6 5. Be2 O-O 6. Be3 e5 7. d5 Na6 8. h4 Nc5
9. Qc2 h5 10. Nh3 Ng4 11. Ng5 Nxe3 12. fxe3 Bh6 13. b4 Na6 14. a3 Bxg5 15. hxg5
Qxg5 16. O-O-O Qxe3+ 17. Kb2 Kg7 18. Rd3 Qg5 19. Nd1 Bg4 20. Rg3 Qf4 21. Bxg4
hxg4 22. Qc3 Rh8 23. Re1 Rae8 24. Qe3 Qxe3 25. Rexe3 f5 26. exf5 gxf5 27. Rc3
Kf6 28. Nf2 Nb8 29. Rc1 Reg8 30. Nd3 f4 31. Rf1 Kg5 32. Nxf4 exf4 33. Rd3 Re8
34. c5 Re2+ 35. Kc3 Rxg2 36. cxd6 cxd6 37. b5 Rh3 38. Kd4 1-0

[Event "Women's Speed Chess Q3"]
[Site "chess.com INT"]
[Date "2021.05.30"]
[Round "17"]
[White "Narva, Regina"]
[Black "Ulziikhishigjargal, Ochirkhuyag"]
[Result "0-1"]
[WhiteTitle "WFM"]
[BlackTitle "FM"]
[WhiteElo "1901"]
[BlackElo "2020"]
[WhiteFideId "4500237"]
[BlackFideId "4903188"]
[EventDate "2021.05.30"]

1. e4 c6 2. d4 d5 3. f3 g6 4. e5 Bg7 5. f4 h5 6. Nf3 Nh6 7. c3 Bg4 8. Bd3 e6 9.
h3 Bxf3 10. Qxf3 Nf5 11. Nd2 h4 12. Nf1 c5 13. g4 hxg3 14. Nxg3 Nxg3 15. Qxg3
cxd4 16. cxd4 Nc6 17. O-O Qh4 18. Kh2 Nxd4 19. Be3 Nc6 20. Bb5 Qxg3+ 21. Kxg3
Kd7 22. Rac1 a6 23. Ba4 Bf8 24. a3 Be7 25. b4 b5 26. Bb3 Rac8 27. Rfd1 Rc7 28.
Bb6 Rcc8 29. Bxd5 exd5 30. Rxd5+ Ke6 31. Rcd1 Nb8 32. Kg4 Rh4+ 33. Kg3 Rc3+ 34.
Kg2 Rhxh3 35. Rd6+ Bxd6 36. Rxd6+ Kf5 37. Rf6+ Kg4 38. e6 Rc2+ 39. Kg1 Rg3+ 40.
Kf1 Rf3+ 41. Ke1 fxe6 42. Rxg6+ Kf5 43. Rg5+ Kxf4 44. Rg8 Nc6 45. Rf8+ Ke4 0-1

[Event "Women's Speed Chess Q3"]
[Site "chess.com INT"]
[Date "2021.05.30"]
[Round "17"]
[White "Assaubayeva, Bibisara"]
[Black "Voit, Daria"]
[Result "1-0"]
[WhiteTitle "IM"]
[BlackTitle "WGM"]
[WhiteElo "2381"]
[BlackElo "2360"]
[WhiteFideId "13708694"]
[BlackFideId "4182146"]
[EventDate "2021.05.30"]

1. d4 Nf6 2. c4 e6 3. Nf3 Bb4+ 4. Nbd2 d5 5. Qa4+ Nc6 6. e3 O-O 7. Qc2 Ne7 8. a3
Bxd2+ 9. Bxd2 b6 10. cxd5 Nexd5 11. Bd3 h6 12. O-O Bb7 13. e4 Ne7 14. Bc3 Rc8
15. Rad1 Qe8 16. d5 exd5 17. Bxf6 gxf6 18. Rfe1 Qc6 19. Qb1 Rcd8 20. exd5 Nxd5
21. Be4 Qc5 22. Bxd5 Rxd5 23. Rxd5 Qxd5 24. Qc1 c5 25. Qxh6 Qf5 26. Re3 Rd8 27.
h3 Qg6 28. Qf4 Kf8 29. Qc7 Rd1+ 30. Kh2 Bxf3 31. Rxf3 Re1 32. Qd6+ Ke8 33. Qb8+
Ke7 34. Qxa7+ Kf8 35. Qb8+ Ke7 36. Qxb6 Qg5 37. Qc7+ Kf8 38. Qd6+ Ke8 39. Rd3
Qe5+ 40. Qxe5+ fxe5 41. h4 Ke7 42. Re3 Rb1 43. Rxe5+ Kd6 44. Re2 c4 45. h5 Rd1
46. g4 Kd5 47. h6 1-0

[Event "Women's Speed Chess Q3"]
[Site "chess.com INT"]
[Date "2021.05.30"]
[Round "17"]
[White "Dwilewicz, Katarzyna"]
[Black "Nanditha, V"]
[Result "0-1"]
[WhiteTitle "WFM"]
[BlackTitle "WCM"]
[WhiteElo "2092"]
[BlackElo "1666"]
[WhiteFideId "1148486"]
[BlackFideId "46626697"]
[EventDate "2021.05.30"]

1. e4 c6 2. d4 d5 3. exd5 cxd5 4. Bd3 Nf6 5. c3 Nc6 6. Ne2 Bg4 7. O-O e6 8. Qe1
Bd6 9. f3 Bh5 10. Qh4 Be7 11. Bg5 Bg6 12. Bxg6 fxg6 13. Qh3 Qd7 14. Nd2 O-O 15.
Nf4 h6 16. Bxf6 Rxf6 17. Nd3 Qc7 18. Rae1 Qd7 19. Re2 Re8 20. Rfe1 Bd6 21. Nb3
b6 22. Nd2 Qc7 23. Qg4 e5 24. dxe5 Nxe5 25. Nxe5 Rxe5 26. Nb3 Qe7 27. Rxe5 Bxe5
28. Kf1 Qd6 29. h3 Bg3 30. Re8+ Kh7 31. Qc8 g5 32. Rh8+ Kg6 33. Qe8+ Rf7 34. Nd4
Qf4 35. Rf8 Qc1+ 36. Ke2 Qe1+ 37. Kd3 Qd1+ 38. Ke3 Qe1+ 39. Ne2 Bf4+ 40. Kd3
Qd1# 0-1

[Event "Women's Speed Chess Q3"]
[Site "chess.com INT"]
[Date "2021.05.30"]
[Round "17"]
[White "Mendoza, Shania Mae"]
[Black "Zhai, Mo"]
[Result "0-1"]
[WhiteTitle "WFM"]
[BlackTitle "WGM"]
[WhiteElo "2158"]
[BlackElo "2366"]
[WhiteFideId "5211158"]
[BlackFideId "8600201"]
[EventDate "2021.05.30"]

1. e4 e6 2. d4 d5 3. Nc3 dxe4 4. Nxe4 Bd7 5. Nf3 Bc6 6. Bd3 Nd7 7. Qe2 Ngf6 8.
Ng3 Be7 9. Bf4 b6 10. O-O-O a5 11. Kb1 a4 12. c4 a3 13. b3 O-O 14. Bd2 Bxf3 15.
Qxf3 c5 16. Bc3 Qc7 17. Nh5 Rfd8 18. h4 cxd4 19. Bxd4 Ne5 20. Nxf6+ Bxf6 21. Qe4
Rxd4 22. Qxa8+ Rd8 23. Qe4 Nxd3 24. Rxd3 Rxd3 25. Qxd3 Qe5 26. Kc2 Qb2+ 27. Kd1
Qa1+ 28. Ke2 Qxh1 29. g3 g6 30. Qd7 Qe4+ 31. Kf1 Qb1+ 32. Kg2 Qxa2 33. Qb5 Qb2
34. Qxb6 a2 35. c5 a1=Q 36. c6 Qd4 37. Qb8+ Kg7 38. c7 Qe4+ 39. f3 Qe2+ 40. Kh3
Qh1+ 41. Kg4 Qexf3# 0-1

[Event "Women's Speed Chess Q3"]
[Site "chess.com INT"]
[Date "2021.05.30"]
[Round "17"]
[White "Pham, Le Thao Nguyen"]
[Black "Bodnaruk, Anastasia"]
[Result "1-0"]
[WhiteTitle "IM"]
[BlackTitle "IM"]
[WhiteElo "2369"]
[BlackElo "2457"]
[WhiteFideId "12401226"]
[BlackFideId "4181751"]
[EventDate "2021.05.30"]

1. d4 Nf6 2. Nf3 g6 3. g3 Bg7 4. Bg2 O-O 5. O-O d6 6. c4 Nc6 7. Nc3 a6 8. e4 Bg4
9. h3 Bxf3 10. Bxf3 e5 11. d5 Nd4 12. Bg2 c5 13. dxc6 bxc6 14. Be3 Nd7 15. b3
Rc8 16. Ne2 c5 17. Nc3 f5 18. f4 Nf6 19. Qd2 Qd7 20. Kh2 Rce8 21. Rae1 Kh8 22.
exf5 Nxf5 23. fxe5 Rxe5 24. Bf4 Rxe1 25. Rxe1 Nd4 26. Nd5 Nh5 27. Bg5 Be5 28.
Rxe5 dxe5 29. Qe3 Qe6 30. Nc7 Qd6 31. Nd5 Nf5 32. Qc3 Nhxg3 33. Bf4 Ne2 34.
Bxe5+ Kg8 35. Bxd6 Nxc3 36. Bxf8 Nxd5 37. Bxc5 Nf4 38. Bd5+ Kg7 39. Bb7 Nd3 40.
Bg1 Nd6 41. Bxa6 Ne4 42. Bd4+ Kh6 43. a3 Nd2 44. Be3+ Kh5 45. Bxd2 1-0

[Event "Women's Speed Chess Q3"]
[Site "chess.com INT"]
[Date "2021.05.30"]
[Round "17"]
[White "Jakubowska, Anna"]
[Black "Cyfka, Karina"]
[Result "0-1"]
[WhiteTitle "WIM"]
[BlackTitle "IM"]
[WhiteElo "2073"]
[BlackElo "2415"]
[WhiteFideId "1121952"]
[BlackFideId "1122681"]
[EventDate "2021.05.30"]

1. e4 e5 2. Nc3 Nf6 3. g3 d5 4. exd5 Nxd5 5. Bg2 Nxc3 6. bxc3 Nc6 7. d3 Bd6 8.
Nf3 O-O 9. O-O Bg4 10. h3 Bh5 11. Rb1 Rb8 12. g4 Bg6 13. Ng5 h6 14. Ne4 Ne7 15.
Nxd6 Qxd6 16. Rxb7 Rxb7 17. Bxb7 c6 18. Ba6 f5 19. c4 c5 20. Bb7 Nc6 21. Bxc6
Qxc6 22. Qe2 e4 23. Bb2 f4 24. dxe4 f3 25. Qe3 Bxe4 26. Re1 Bxc2 27. Qc3 Qg6 28.
Re7 Rf7 29. Rxf7 Kxf7 30. Qxf3+ Kg8 31. Qa8+ Kh7 32. Qxa7 h5 33. Qd7 Bd3 34. f3
Bxc4 35. Qc7 Qb1+ 36. Kh2 Qxb2+ 37. Kg3 Qd4 38. gxh5 Bd5 39. Qe7 Qg1+ 40. Kf4
Qh2+ 41. Ke3 Qg1+ 42. Kf4 Qc1+ 43. Kg3 c4 44. Qf8 Qg1+ 0-1

[Event "Women's Speed Chess Q3"]
[Site "chess.com INT"]
[Date "2021.05.30"]
[Round "17"]
[White "Swati, Mohota"]
[Black "Varney, Zoe"]
[Result "1-0"]
[WhiteTitle "WFM"]
[BlackTitle "WCM"]
[WhiteElo "2027"]
[BlackElo "1917"]
[WhiteFideId "5006511"]
[BlackFideId "436135"]
[EventDate "2021.05.30"]

1. d4 d5 2. Nf3 Nf6 3. b3 e6 4. Bb2 b6 5. g3 Bb7 6. Bg2 c5 7. O-O Nc6 8. Nbd2
Be7 9. Re1 O-O 10. dxc5 bxc5 11. e3 a5 12. c4 a4 13. Rc1 a3 14. Ba1 Ra5 15. Qe2
Qa8 16. Red1 Nb4 17. Nb1 Rd8 18. Nc3 d4 19. exd4 cxd4 20. Nb1 d3 21. Qe3 Bc5 22.
Qf4 Nh5 23. Qg4 g6 24. Nh4 Bxg2 25. Nxg2 Bxf2+ 26. Kxf2 Rf5+ 27. Kg1 Qa7+ 28.
Kh1 Qf2 29. Bc3 Nc2 30. Nd2 Ne3 31. Nxe3 Qxe3 32. Rf1 Rxf1+ 33. Rxf1 Qe2 34. Qf3
Qxf3+ 35. Rxf3 Ng7 36. Kg2 Nf5 37. Kf2 Kf8 38. Bb4+ Ke8 39. Bxa3 e5 40. Bb2 f6
41. Ke1 Ke7 42. Kd1 Ke6 43. Ne4 1-0

[Event "Women's Speed Chess Q3"]
[Site "chess.com INT"]
[Date "2021.05.30"]
[Round "17"]
[White "Berend, Elvira"]
[Black "Li, Xueyi"]
[Result "1/2-1/2"]
[WhiteTitle "WGM"]
[BlackTitle "WGM"]
[WhiteElo "2326"]
[BlackElo "2328"]
[WhiteFideId "4000510"]
[BlackFideId "8605912"]
[EventDate "2021.05.30"]

1. e4 c5 2. Nf3 d6 3. d4 cxd4 4. Nxd4 Nf6 5. Nc3 Nc6 6. h3 e5 7. Nf3 Be7 8. Bc4
Be6 9. Bb3 O-O 10. O-O Na5 11. Be3 Nxb3 12. axb3 a6 13. Re1 Qc7 14. Nd5 Nxd5 15.
exd5 Bd7 16. c4 f5 17. Rc1 f4 18. Bd4 Bf6 19. Bc3 Bf5 20. Bb4 b6 21. Ba3 a5 22.
Nd2 Rad8 23. Ne4 Bxe4 24. Rxe4 Qd7 25. Qg4 Qe8 26. Rd1 h5 27. Qe6+ Qxe6 28. dxe6
Be7 29. Re2 Rf6 30. Red2 Rxe6 31. Rd5 h4 32. f3 e4 33. fxe4 Rxe4 34. Kf2 Bf6 35.
R1d2 Rde8 36. Bxd6 Re3 37. R5d3 Rxd3 38. Rxd3 Bxb2 39. Bxf4 Ba3 40. Be3 Bc5 41.
Bxc5 bxc5 42. Rd5 Rb8 43. Rxc5 Rxb3 44. Rxa5 Rc3 45. Rc5 Kf7 46. Rc8 Ke6 47. c5
Kd5 48. c6 Rxc6 49. Rxc6 Kxc6 50. Kf3 Kd5 51. Kg4 Ke4 52. Kxh4 Kf4 53. Kh5 Kg3
54. Kg6 Kxg2 55. h4 Kg3 56. h5 Kg4 57. Kxg7 Kxh5 1/2-1/2